[Event "Druzynowe Mistrzostwa Polski - I Liga Seniorow 2019"]
[Site "Osrodek „Grod Piastow” ul. Jachtowa 42, 78-131 Dzwirzyno"]
[Date "1899-12-30"]
[Round "1.1"]
[White "Kolago, Marcin"]
[Black "Nayhebaver, Martin"]
[Result "0-1"]
[WhiteTitle "m"]
[BlackTitle "IM"]
[WhiteElo "2340"]
[BlackElo "2469"]

1. c4 b6 2. Nc3 Bb7 3. Nf3 Nf6 4. d4 e6 5. a3 d5 6. e3 Nbd7 7. Be2 g6 8. O-O Bg7
9. b4 O-O 10. Bb2 c5 11. Rb1 cxd4 12. Nxd4 dxc4 13. Bxc4 Ne5 14. Be2 Rc8 15. Ndb5
Ne4 16. Nxe4 Bxe4 17. Qxd8 Rfxd8 18. Rbd1 Bc2 19. Rxd8+ Rxd8 20. Bd4 Nc6 21. Bxg7
Kxg7 22. Rc1 Rd2 23. Bf3 Ne5 24. Nxa7 Nd3 25. Rf1 Ba4 26. Nc8 b5 27. Nb6 Ra2 28.
Nxa4 bxa4 29. b5 Rxa3 30. h3 Rb3 31. Bd1 Rb4 32. Be2 Nc5 33. Kh2 Rb2 34. Rc1 Nb3
35. Re1 a3 36. Bc4 Na5 37. Rc1 a2 38. Ra1 0-1

[Event "Druzynowe Mistrzostwa Polski - I Liga Seniorow 2019"]
[Site "Osrodek „Grod Piastow” ul. Jachtowa 42, 78-131 Dzwirzyno"]
[Date "1899-12-30"]
[Round "1.2"]
[White "Roubalik, Jakub"]
[Black "Zezulkin, Jurij"]
[Result "1/2-1/2"]
[WhiteTitle ""]
[BlackTitle "GM"]
[WhiteElo "2405"]
[BlackElo "2434"]

1. d4 Nf6 2. c4 g6 3. Nc3 d5 4. cxd5 Nxd5 5. e4 Nxc3 6. bxc3 Bg7 7. Nf3 c5 8. Be3
Qa5 9. Qd2 Nc6 10. Rb1 cxd4 11. cxd4 Qxd2+ 12. Kxd2 O-O 13. Bd3 f5 14. d5 Na5
15. Rhc1 fxe4 16. Bxe4 Bf5 17. Bxf5 Rxf5 18. Rb5 b6 19. Rc7 1/2-1/2

[Event "Druzynowe Mistrzostwa Polski - I Liga Seniorow 2019"]
[Site "Osrodek „Grod Piastow” ul. Jachtowa 42, 78-131 Dzwirzyno"]
[Date "1899-12-30"]
[Round "1.7"]
[White "Antoniewski, Rafal"]
[Black "Klekowski, Maciej"]
[Result "1/2-1/2"]
[WhiteTitle "GM"]
[BlackTitle "IM"]
[WhiteElo "2497"]
[BlackElo "2473"]

1. d4 Nf6 2. c4 e6 3. Nf3 b6 4. g3 Bb7 5. Bg2 Be7 6. O-O O-O 7. d5 exd5 8. Nh4
c6 9. cxd5 Nxd5 10. Nf5 Nc7 11. e4 d5 12. Nc3 Bf6 13. exd5 cxd5 14. Bf4 Nba6 15.
Re1 Bc8 16. Nd6 Be6 17. Nxd5 Nxd5 18. Bxd5 Bxd5 19. Qxd5 Bxb2 20. Rad1 Nc5 21.
Re8 Rxe8 22. Qxf7+ Kh8 23. Qc4 Qe7 24. Nf7+ Kg8 25. Nh6+ Kh8 26. Nf7+ 1/2-1/2

[Event "Druzynowe Mistrzostwa Polski - I Liga Seniorow 2019"]
[Site "Osrodek „Grod Piastow” ul. Jachtowa 42, 78-131 Dzwirzyno"]
[Date "1899-12-30"]
[Round "1.8"]
[White "Barski, Radoslaw"]
[Black "Cyborowski, Lukasz"]
[Result "1/2-1/2"]
[WhiteTitle "IM"]
[BlackTitle "GM"]
[WhiteElo "2425"]
[BlackElo "2509"]

1. e4 e5 2. Nf3 Nf6 3. Nxe5 d6 4. Nf3 Nxe4 5. d4 d5 6. Bd3 Bf5 7. O-O Be7 8. Re1
O-O 9. Nbd2 Nd6 10. Bxf5 Nxf5 11. c3 c6 12. Qb3 Nd6 13. Nf1 Na6 14. Bf4 Nc7 15.
Ng3 Rb8 16. Qc2 Ne6 17. Bd2 Re8 18. Re2 Bf8 19. Rae1 Nc7 20. Bf4 1/2-1/2

[Event "Druzynowe Mistrzostwa Polski - I Liga Seniorow 2019"]
[Site "Osrodek „Grod Piastow” ul. Jachtowa 42, 78-131 Dzwirzyno"]
[Date "1899-12-30"]
[Round "1.19"]
[White "Cukrowski, Filip"]
[Black "Golubka, Petro"]
[Result "1/2-1/2"]
[WhiteTitle "FM"]
[BlackTitle "IM"]
[WhiteElo "2410"]
[BlackElo "2479"]

1. c4 Nf6 2. d4 g6 3. g3 Bg7 4. Bg2 d5 5. Nc3 c6 6. cxd5 cxd5 7. Nf3 Nc6 8. O-O
O-O 9. Ne5 e6 10. Nxc6 bxc6 11. Bf4 Nd7 12. Na4 Ba6 13. Rc1 Qa5 14. Re1 Bb5 15.
Nc3 Ba6 16. Qd2 Rfe8 17. b3 Rac8 18. e4 Bf8 19. Rc2 Bg7 20. Bh6 Bxh6 21. Qxh6
c5 22. Qd2 cxd4 23. Qxd4 Qb6 24. Qxb6 Nxb6 25. exd5 Nxd5 26. Bxd5 exd5 27. Rxe8+
Rxe8 28. Rd2 Kg7 29. f4 d4 30. Rxd4 Re3 31. Ra4 Bc8 32. Rc4 Be6 33. Rc7 Rd3 34.
Kf2 Rd2+ 35. Ke3 Rc2 36. h4 a6 37. Rc5 h5 38. b4 Bxa2 39. f5 gxf5 40. Nxa2 1/2-1/2

[Event "Druzynowe Mistrzostwa Polski - I Liga Seniorow 2019"]
[Site "Osrodek „Grod Piastow” ul. Jachtowa 42, 78-131 Dzwirzyno"]
[Date "1899-12-30"]
[Round "1.20"]
[White "Kislinsky, Alexey"]
[Black "Lewtak, Damian"]
[Result "1-0"]
[WhiteTitle "GM"]
[BlackTitle "FM"]
[WhiteElo "2448"]
[BlackElo "2377"]

1. e4 c6 2. d4 d5 3. exd5 cxd5 4. c4 Nf6 5. Nc3 Nc6 6. Bg5 dxc4 7. Bxc4 h6 8. Be3
e6 9. Nf3 Be7 10. O-O O-O 11. a3 b6 12. Qd3 Re8 13. Rad1 Na5 14. Ba2 Bf8 15. Ne5
Nb7 16. Bb1 Nd6 17. f3 Nf5 18. Bf2 g6 19. g4 Ne7 20. Bh4 Bg7 21. Ne4 Nxe4 22.
Qxe4 Bd7 23. Rfe1 Ba4 24. Rc1 Qd6 25. Bg3 Bb3 26. Qe3 Ba4 27. Qf4 f5 28. d5 Bb3
29. dxe6 Nd5 30. Qd2 f4 31. Rc6 Qxe5 32. Rxe5 Bxe5 33. Bh4 g5 34. Qd3 Re7 35.
Qxb3 Rd8 36. Bf2 Ne3 37. Rc1 1-0

[Event "Druzynowe Mistrzostwa Polski - I Liga Seniorow 2019"]
[Site "Osrodek „Grod Piastow” ul. Jachtowa 42, 78-131 Dzwirzyno"]
[Date "1899-12-30"]
[Round "2.2"]
[White "Flis, Pawel"]
[Black "Roubalik, Jakub"]
[Result "0-1"]
[WhiteTitle "k+"]
[BlackTitle ""]
[WhiteElo "1897"]
[BlackElo "2405"]

1. e4 c5 2. Nc3 Nc6 3. Bb5 Nd4 4. Bc4 Nf6 5. d3 d6 6. h3 a6 7. a3 b5 8. Ba2 e6
9. Nf3 Bb7 10. Nxd4 cxd4 11. Ne2 Qb6 12. O-O Be7 13. c3 dxc3 14. Nxc3 O-O 15.
Be3 Qd8 16. Qe2 d5 17. Bf4 d4 18. Nb1 Rc8 19. Rc1 Rxc1+ 20. Bxc1 Qc7 21. Nd2 Nd7
22. Nf3 Bf6 23. Ne1 Nc5 24. Bd2 Na4 25. Rc1 Qd7 26. Bb3 Be7 27. Ba5 Bd6 28. Nf3
Bf4 29. Rc2 Bb8 30. Bxa4 bxa4 31. Rc4 e5 32. Qc2 f5 33. Bc7 fxe4 34. Nxe5 Qf5
35. Rc5 Bxc7 36. Qc4+ Kh8 37. Ng4 Qf4 38. Rxc7 e3 39. Rxb7 exf2+ 40. Kf1 Qd2 0-1

[Event "Druzynowe Mistrzostwa Polski - I Liga Seniorow 2019"]
[Site "Osrodek „Grod Piastow” ul. Jachtowa 42, 78-131 Dzwirzyno"]
[Date "1899-12-30"]
[Round "2.9"]
[White "Grabarczyk, Miroslaw"]
[Black "Nowak, Lukasz"]
[Result "1/2-1/2"]
[WhiteTitle "GM"]
[BlackTitle "FM"]
[WhiteElo "2374"]
[BlackElo "2270"]

1. d4 Nf6 2. c4 e6 3. Nf3 d5 4. Nc3 Bb4 5. Qa4+ Nc6 6. e3 O-O 7. Bd2 dxc4 8. Bxc4
Bd6 9. Nb5 Be7 10. O-O a6 11. Nc3 Bd6 12. Rad1 e5 13. dxe5 Nxe5 14. Be2 Qe7 15.
Qc2 Re8 16. Bc1 g6 17. g3 Bf5 18. Qb3 Be6 19. Qc2 Bf5 20. Qb3 1/2-1/2

[Event "Druzynowe Mistrzostwa Polski - I Liga Seniorow 2019"]
[Site "Osrodek „Grod Piastow” ul. Jachtowa 42, 78-131 Dzwirzyno"]
[Date "1899-12-30"]
[Round "2.10"]
[White "Winiarski, Mikolaj"]
[Black "Sabuk, Piotr"]
[Result "1/2-1/2"]
[WhiteTitle "FM"]
[BlackTitle "IM"]
[WhiteElo "2213"]
[BlackElo "2397"]

1. e4 e5 2. Nf3 Nc6 3. Bb5 a6 4. Ba4 Nf6 5. O-O Be7 6. Re1 b5 7. Bb3 d6 8. c3 O-O
9. h3 Re8 10. d3 Na5 11. Bc2 c5 12. a3 Qc7 13. Nbd2 Bf8 14. Nf1 h6 15. Ne3 Nc6
16. Nh4 Be6 17. Qf3 Qd8 18. Nhf5 g6 19. Ng3 Bg7 20. Nd5 Bxd5 21. exd5 Ne7 22.
Bxh6 Bxh6 23. Qxf6 Nxd5 24. Qf3 Nf4 25. Ne2 Nxe2+ 26. Rxe2 d5 27. Rae1 Bg7 28.
Qg4 Qb6 29. Kh1 Qc6 30. c4 Rad8 31. cxd5 Qxd5 32. f4 Qd7 33. fxe5 Qxg4 34. hxg4
Rd5 35. e6 1/2-1/2

[Event "Druzynowe Mistrzostwa Polski - I Liga Seniorow 2019"]
[Site "Osrodek „Grod Piastow” ul. Jachtowa 42, 78-131 Dzwirzyno"]
[Date "1899-12-30"]
[Round "2.15"]
[White "Wacior, Maciej"]
[Black "Plichta, Kamil"]
[Result "0-1"]
[WhiteTitle "k"]
[BlackTitle "FM"]
[WhiteElo "2116"]
[BlackElo "2349"]

1. d4 Nf6 2. Nf3 d6 3. Bf4 Nh5 4. Bd2 g6 5. e3 Bg7 6. Be2 O-O 7. O-O Nf6 8. c4
Nbd7 9. Bc3 Ne4 10. Nfd2 Nxc3 11. Nxc3 e5 12. Nb3 exd4 13. exd4 c6 14. Re1 Nf6
15. Bf3 Bf5 16. Qd2 Qd7 17. h3 h5 18. a4 Kh7 19. a5 Bh6 20. Qd1 a6 21. Na4 Rae8
22. Nb6 Qd8 23. Nd2 Rxe1+ 24. Qxe1 Re8 25. Qd1 Nd7 26. Nxd7 Bxd7 27. Ne4 Bf5 28.
Ng3 Qf6 29. Qb3 Re7 30. Rd1 h4 31. Nxf5 Qxf5 32. Qb4 Bf4 33. Qc3 c5 34. b4 Qf6
35. bxc5 dxc5 36. Qb3 cxd4 37. Bxb7 d3 38. Bf3 d2 39. Qb4 Qd6 40. c5 Qd4 0-1

[Event "Druzynowe Mistrzostwa Polski - I Liga Seniorow 2019"]
[Site "Osrodek „Grod Piastow” ul. Jachtowa 42, 78-131 Dzwirzyno"]
[Date "1899-12-30"]
[Round "2.19"]
[White "Klekowski, Maciej"]
[Black "Szwed, Jacek"]
[Result "1-0"]
[WhiteTitle "IM"]
[BlackTitle "FM"]
[WhiteElo "2473"]
[BlackElo "2370"]

1. d4 e6 2. c4 c5 3. d5 exd5 4. cxd5 d6 5. Nc3 g6 6. Nf3 a6 7. a4 Bg7 8. Nd2 Nd7
9. e4 Ngf6 10. Be2 O-O 11. O-O Ne8 12. Nc4 Ne5 13. Ne3 f5 14. f4 Nf7 15. exf5
gxf5 16. h3 Qe7 17. Bd3 Bd4 18. Qf3 Nf6 19. Kh1 Nh6 20. Nc2 Bxc3 21. bxc3 Ne4
22. c4 Qh4 23. Bxe4 fxe4 24. Qf2 Qxf2 25. Rxf2 Bd7 26. a5 Nf5 27. Rb1 Rae8 28.
Ne3 Nxe3 29. Bxe3 Bc8 30. Rb6 Rd8 31. g4 Kf7 32. f5 Rfe8 33. Kg2 Rg8 34. Kg3 Ke7
35. Rf4 Kd7 36. Rxe4 Rde8 37. Re6 Kc7 38. Rxe8 Rxe8 39. Bf4 Re4 40. f6 Kd7 41.
Kf3 Rxc4 42. Rxd6+ Ke8 43. f7+ Kxf7 44. Rd8 1-0

[Event "Druzynowe Mistrzostwa Polski - I Liga Seniorow 2019"]
[Site "Osrodek „Grod Piastow” ul. Jachtowa 42, 78-131 Dzwirzyno"]
[Date "1899-12-30"]
[Round "2.20"]
[White "Zylka, Stanislaw"]
[Black "Barski, Radoslaw"]
[Result "1/2-1/2"]
[WhiteTitle "FM"]
[BlackTitle "IM"]
[WhiteElo "2338"]
[BlackElo "2425"]

1. e4 c5 2. Nf3 e6 3. d4 cxd4 4. Nxd4 Nf6 5. Nc3 Nc6 6. Nxc6 bxc6 7. e5 Nd5 8.
Ne4 Qc7 9. f4 Rb8 10. Nd6+ Bxd6 11. exd6 Qa5+ 12. Qd2 Qb6 13. c4 Nf6 14. Bd3 c5
15. b3 Qxd6 16. Bb2 Qe7 17. O-O-O Bb7 18. Rhe1 d6 19. Re3 O-O 20. g4 Nxg4 21.
Rg1 f5 22. Bxf5 Rxf5 23. Rxg4 e5 24. Reg3 Rf7 25. fxe5 dxe5 26. Qh6 Rbf8 27. Bc3
Kh8 28. Qe3 Rf1+ 29. Kb2 R1f2+ 30. Kc1 Rf1+ 31. Kb2 R8f2+ 32. Ka3 Qd6 33. Ba5
Rf7 34. Rg5 R1f5 35. Rxf5 Rxf5 36. Rg5 Rxg5 37. Qxg5 e4 38. Bc3 Qf8 39. Bxg7+
Qxg7 1/2-1/2

[Event "Druzynowe Mistrzostwa Polski - I Liga Seniorow 2019"]
[Site "Osrodek „Grod Piastow” ul. Jachtowa 42, 78-131 Dzwirzyno"]
[Date "1899-12-30"]
[Round "2.21"]
[White "Kosakowski, Jakub"]
[Black "Koziol, Kamil"]
[Result "1/2-1/2"]
[WhiteTitle "FM"]
[BlackTitle "FM"]
[WhiteElo "2411"]
[BlackElo "2292"]

1. Nf3 d5 2. e3 Nf6 3. c4 e6 4. b3 c5 5. Bb2 Nc6 6. cxd5 exd5 7. Bb5 Be7 8. O-O
O-O 9. d4 Bg4 10. dxc5 Bxc5 11. Nbd2 Rc8 12. Rc1 Bd6 13. h3 Bh5 14. Bxc6 bxc6
15. g4 Bg6 16. Ne5 Ne4 17. Nxg6 fxg6 18. Nxe4 dxe4 19. Qd4 Qe7 20. Rc4 Rfe8 21.
Rd1 Rcd8 22. Rxc6 Bh2+ 23. Kxh2 Rxd4 24. Bxd4 Qh4 25. Rd2 Rf8 26. Kg2 Rf3 27.
Rc8+ Kf7 28. Rc7+ Ke6 29. Rc6+ Kf7 30. Rc7+ 1/2-1/2

[Event "Druzynowe Mistrzostwa Polski - I Liga Seniorow 2019"]
[Site "Osrodek „Grod Piastow” ul. Jachtowa 42, 78-131 Dzwirzyno"]
[Date "1899-12-30"]
[Round "2.23"]
[White "Dzierzak, Radoslaw"]
[Black "Tomaszewski, Kacper"]
[Result "1/2-1/2"]
[WhiteTitle "FM"]
[BlackTitle "FM"]
[WhiteElo "2253"]
[BlackElo "2363"]

1. e4 c5 2. Nf3 d6 3. Bb5+ Nd7 4. O-O a6 5. Bd3 Ngf6 6. c3 e5 7. Bc2 Be7 8. d4
O-O 9. a4 b6 10. Re1 Qc7 11. Qe2 Re8 12. dxe5 dxe5 13. Na3 Bf8 14. Be3 Bb7 15.
Nd2 Bc6 16. f3 Reb8 17. c4 Qb7 18. Nb5 Ne8 19. Nc3 Nc7 20. Nd5 Ne6 21. Bd3 Nd4
22. Qf1 Bd6 23. Nb1 b5 24. axb5 axb5 25. Rxa8 Qxa8 26. cxb5 Bxd5 27. exd5 c4 28.
Bxd4 cxd3 29. Be3 Rxb5 30. Qxd3 Rxb2 31. Nc3 Bb4 32. Rc1 Rb3 33. Qc4 Rxc3 34.
Rxc3 Bxc3 35. Qxc3 Qxd5 36. Qc8+ Nf8 37. Bc5 Qd1+ 38. Kf2 Qd2+ 39. Kf1 Qd1+ 40.
Kf2 Qd2+ 41. Kf1 1/2-1/2

[Event "Druzynowe Mistrzostwa Polski - I Liga Seniorow 2019"]
[Site "Osrodek „Grod Piastow” ul. Jachtowa 42, 78-131 Dzwirzyno"]
[Date "1899-12-30"]
[Round "2.26"]
[White "Cyborowski, Lukasz"]
[Black "Zezulkin, Jurij"]
[Result "1-0"]
[WhiteTitle "GM"]
[BlackTitle "GM"]
[WhiteElo "2509"]
[BlackElo "2434"]

1. e4 c5 2. Nf3 Nc6 3. Bb5 g6 4. Bxc6 bxc6 5. O-O Bg7 6. Re1 Nh6 7. c3 O-O 8. d4
cxd4 9. cxd4 d6 10. h3 f6 11. Nbd2 Nf7 12. Qc2 Bd7 13. b3 Rc8 14. Bb2 c5 15. d5
Ne5 16. Nxe5 fxe5 17. Nc4 Bh6 18. Bc1 Bxc1 19. Raxc1 a5 20. Qd2 a4 21. bxa4 Bxa4
22. Rb1 Rb8 23. f3 Qc7 24. Kh2 Rb5 25. Qg5 Rb4 26. Rec1 Rfb8 27. Rxb4 Rxb4 28.
Ne3 Kh8 29. Ng4 Qd8 30. Rxc5 Bd7 31. Rc2 Rb1 32. Ne3 Ba4 33. Rc3 Bd7 34. Rb3 Rxb3
35. axb3 Kg7 36. h4 h6 37. Qg3 Qf8 38. b4 Kh7 39. Qe1 Qb8 40. Qc3 Qb6 41. Kg3
g5 42. Qd2 Kg6 43. Nf5 Bxf5 44. exf5+ Kf7 45. hxg5 hxg5 46. Kg4 Qb8 47. g3 Ke8
48. Kxg5 Kd7 49. g4 Qh8 50. b5 Ke8 51. Kg6 Qg8+ 52. Kh5 Qf7+ 53. Kh4 Qh7+ 54.
Kg3 Qh1 55. Qf2 Qd1 56. b6 Qb3 57. Kh4 Kf7 58. Kg5 Qb1 59. Qh2 Qxb6 60. Qh5+ Kf8
61. Qh8+ Kf7 62. Qh5+ Kf8 63. Kg6 Ke8 64. Qh8+ Kd7 65. Kf7 Qc5 66. Qe8+ Kc7 67.
Kxe7 Kb6 68. Qc6+ Qxc6 69. dxc6 d5 70. f6 1-0

[Event "Druzynowe Mistrzostwa Polski - I Liga Seniorow 2019"]
[Site "Osrodek „Grod Piastow” ul. Jachtowa 42, 78-131 Dzwirzyno"]
[Date "1899-12-30"]
[Round "2.27"]
[White "Rawicz, Karol"]
[Black "Nurkiewicz, Maciej"]
[Result "0-1"]
[WhiteTitle "FM"]
[BlackTitle "m"]
[WhiteElo "2200"]
[BlackElo "2334"]

1. Nf3 d5 2. d4 Nf6 3. c4 dxc4 4. e3 e6 5. Bxc4 a6 6. O-O c5 7. dxc5 Qxd1 8. Rxd1
Bxc5 9. Nbd2 b6 10. Be2 Nbd7 11. a3 Bb7 12. b4 Be7 13. Bb2 Rc8 14. Nc4 Bd5 15.
Nfd2 b5 16. Ne5 Rc2 17. Bd4 Nxe5 18. Bxe5 Nd7 19. Bg3 O-O 20. e4 Bb7 21. Bd3 Rc3
22. Nb1 Rcc8 23. Kf1 Rfd8 24. Ke2 Nb6 25. Ra2 Na4 26. Rc2 Bf6 27. e5 Bg5 28. f3
Bd5 29. f4 Be7 30. Rdc1 Rxc2+ 31. Bxc2 Nb2 32. Nd2 Bxg2 33. Rb1 Nc4 34. Nxc4 bxc4
35. a4 Rb8 36. b5 axb5 37. axb5 Bc5 38. Bf2 Bxf2 39. Kxf2 Bd5 40. Ke3 Kf8 41.
Be4 Bxe4 42. Kxe4 Rd8 43. b6 Ke7 44. Rc1 Rb8 45. Rxc4 Rxb6 46. Rc7+ Ke8 47. Kf3
Rb3+ 48. Kg4 Rd3 49. Ra7 h6 50. Ra8+ Ke7 51. Ra7+ Rd7 52. Ra8 f6 53. exf6+ Kxf6
54. Rf8+ Kg6 55. Re8 Kf7 56. Ra8 Rd4 57. Kg3 Kg6 58. Re8 Rd3+ 59. Kg4 h5+ 60.
Kh4 Re3 61. Re7 Kf6 62. Re8 Rf3 63. Kxh5 Rxf4 64. Rf8+ Ke5 65. Rg8 Rf2 66. h4
Rg2 67. Ra8 g6+ 68. Kh6 Rg4 69. h5 gxh5 70. Kxh5 Rg1 71. Ra5+ Kf4 72. Ra4+ Kf5
73. Kh4 e5 74. Kh3 e4 75. Kh2 Rg8 76. Ra7 Kf4 77. Re7 e3 78. Rf7+ Ke4 79. Re7+
Kf3 80. Rf7+ Ke2 81. Re7 Kf2 82. Rf7+ Ke1 83. Re7 e2 84. Re6 Rg5 85. Re8 Kf2 86.
Rf8+ Ke3 87. Re8+ Kf3 88. Rf8+ Ke4 89. Rf1 exf1=R 0-1

[Event "Druzynowe Mistrzostwa Polski - I Liga Seniorow 2019"]
[Site "Osrodek „Grod Piastow” ul. Jachtowa 42, 78-131 Dzwirzyno"]
[Date "1899-12-30"]
[Round "2.30"]
[White "Kulon, Klaudia"]
[Black "Worek, Joanna"]
[Result "1/2-1/2"]
[WhiteTitle "IM"]
[BlackTitle "WGM"]
[WhiteElo "2339"]
[BlackElo "2308"]

1. e4 c5 2. Nc3 Nc6 3. g3 g6 4. Bg2 Bg7 5. d3 d6 6. Be3 Nf6 7. h3 O-O 8. Nge2 Rb8
9. Qd2 b5 10. O-O Ba6 11. a3 Nd7 12. Nd1 Nd4 13. Nc1 Nb6 14. c3 Ne6 15. f4 f5
16. Re1 Qd7 17. Bf2 Nc7 18. b4 Na4 19. bxc5 dxc5 20. e5 Bb7 21. Bxb7 Rxb7 22.
Nb2 Nxb2 23. Qxb2 Ne6 24. a4 g5 25. Be3 gxf4 26. gxf4 b4 27. c4 Kh8 28. Qd2 Nxf4
29. Bxf4 Qd4+ 30. Kh2 Qxa1 31. Nb3 Qxa4 32. Nxc5 Qc6 33. Nxb7 Qxb7 34. d4 b3 35.
Rg1 Rc8 36. Qd3 e6 37. d5 exd5 38. Qxd5 Qc7 39. Rc1 b2 40. Rb1 Qxc4 1/2-1/2

[Event "Druzynowe Mistrzostwa Polski - I Liga Seniorow 2019"]
[Site "Osrodek „Grod Piastow” ul. Jachtowa 42, 78-131 Dzwirzyno"]
[Date "1899-12-30"]
[Round "3.1"]
[White "Antoniewski, Rafal"]
[Black "Nayhebaver, Martin"]
[Result "1/2-1/2"]
[WhiteTitle "GM"]
[BlackTitle "IM"]
[WhiteElo "2497"]
[BlackElo "2469"]

1. Nf3 Nf6 2. g3 b6 3. Bg2 Bb7 4. O-O e6 5. c4 Be7 6. d4 O-O 7. Re1 d5 8. cxd5
exd5 9. Nc3 Nbd7 10. Bf4 c5 11. Rc1 Ne4 12. Nxe4 dxe4 13. Nd2 Nf6 14. dxc5 Bxc5
15. Nb3 1/2-1/2

[Event "Druzynowe Mistrzostwa Polski - I Liga Seniorow 2019"]
[Site "Osrodek „Grod Piastow” ul. Jachtowa 42, 78-131 Dzwirzyno"]
[Date "1899-12-30"]
[Round "3.2"]
[White "Roubalik, Jakub"]
[Black "Cyborowski, Lukasz"]
[Result "1/2-1/2"]
[WhiteTitle ""]
[BlackTitle "GM"]
[WhiteElo "2405"]
[BlackElo "2509"]

1. d4 Nf6 2. c4 e6 3. Nf3 d5 4. Nc3 Be7 5. Bg5 h6 6. Bh4 O-O 7. e3 Nbd7 8. Rc1
c5 9. cxd5 Nxd5 10. Bxe7 Nxe7 11. Be2 Qb6 12. O-O Qxb2 1/2-1/2

[Event "Druzynowe Mistrzostwa Polski - I Liga Seniorow 2019"]
[Site "Osrodek „Grod Piastow” ul. Jachtowa 42, 78-131 Dzwirzyno"]
[Date "1899-12-30"]
[Round "3.3"]
[White "Nurkiewicz, Maciej"]
[Black "Paszewski, Mateusz"]
[Result "1-0"]
[WhiteTitle "m"]
[BlackTitle "FM"]
[WhiteElo "2334"]
[BlackElo "2297"]

1. d4 d5 2. c4 c6 3. Nf3 Nf6 4. Nc3 e6 5. e3 Nbd7 6. Qc2 Bd6 7. Bd3 dxc4 8. Bxc4
O-O 9. O-O e5 10. Rd1 exd4 11. Nxd4 Qc7 12. h3 Ne5 13. Be2 Re8 14. b3 Bd7 15.
Bb2 Rad8 16. Rac1 Qb8 17. Na4 Bc8 18. Nf5 Bf8 19. Rxd8 Rxd8 20. f4 Ned7 21. Rd1
Re8 22. b4 Ne4 23. Nd4 Ndf6 24. b5 c5 25. Nf3 Be6 26. Nc3 Ng3 27. Ng5 Bf5 28.
Bd3 Bxd3 29. Qxd3 h6 30. Nf3 Qc8 31. Ne5 Nf5 32. Nd5 Nxd5 33. Qxd5 Qc7 34. Rd3
Re6 35. Nc4 Ne7 36. Qd7 Qxd7 37. Rxd7 Nf5 38. Rxb7 Re4 39. Ne5 f6 40. Ng6 Bd6
41. Rxa7 Rxe3 42. Rd7 Re1+ 43. Kf2 Rb1 44. Bc3 c4 45. g4 Bc5+ 46. Ke2 Ne3 47.
Bd4 Bxd4 48. Rxd4 c3 49. f5 Re1+ 50. Kxe1 Nc2+ 51. Kd1 Nxd4 52. b6 Kf7 53. b7
Nc6 54. Kc2 Ke8 55. Kxc3 Kd7 56. Nf8+ Kc7 57. Ne6+ Kxb7 58. Nxg7 1-0

[Event "Druzynowe Mistrzostwa Polski - I Liga Seniorow 2019"]
[Site "Osrodek „Grod Piastow” ul. Jachtowa 42, 78-131 Dzwirzyno"]
[Date "1899-12-30"]
[Round "3.4"]
[White "Ciesla, Adam"]
[Black "Bartel, Michal"]
[Result "1/2-1/2"]
[WhiteTitle "m"]
[BlackTitle "FM"]
[WhiteElo "2273"]
[BlackElo "2291"]

1. e4 e5 2. Nf3 Nc6 3. d4 exd4 4. Bc4 Nf6 5. e5 Ng4 6. Qe2 Qe7 7. Bf4 d6 8. exd6
cxd6 9. O-O Qxe2 10. Bxe2 Nge5 11. Na3 Bg4 12. Rfe1 Bxf3 13. Bxf3 O-O-O 14. Bd5
Be7 15. Bg3 g5 16. Rad1 Rhe8 17. Nb5 Bf6 18. Bxc6 bxc6 19. Nxd4 Kb7 20. Kf1 d5
21. Re3 Nc4 22. Rb3+ Nb6 23. Rf3 Nd7 24. Rb3+ Nb6 25. Rf3 Nd7 26. Rb3+ Nb6 27.
Rf3 1/2-1/2

[Event "Druzynowe Mistrzostwa Polski - I Liga Seniorow 2019"]
[Site "Osrodek „Grod Piastow” ul. Jachtowa 42, 78-131 Dzwirzyno"]
[Date "1899-12-30"]
[Round "3.5"]
[White "Sliwerski, Radoslaw"]
[Black "Tomaszewski, Roman"]
[Result "1/2-1/2"]
[WhiteTitle "k++"]
[BlackTitle "IM"]
[WhiteElo "2078"]
[BlackElo "2195"]

1. d4 Nf6 2. c4 e6 3. Nc3 Bb4 4. g3 O-O 5. Bg2 d5 6. Nf3 dxc4 7. O-O Nc6 8. a3
Be7 9. e4 Na5 10. Be3 Nb3 11. Rb1 c5 12. dxc5 Bxc5 13. Bxc5 Nxc5 14. Qxd8 Rxd8
15. Ne5 b6 16. Nc6 Rd7 17. e5 Nd5 18. Nxd5 exd5 19. Bxd5 Bb7 20. Rfd1 Kf8 21.
Bg2 Rxd1+ 22. Rxd1 Bxc6 23. Bxc6 Rc8 24. Bb5 Nd3 25. Bxc4 Nxb2 26. Ba6 Nxd1 27.
Bxc8 Nc3 28. f4 Ke7 29. Bf5 g6 30. Bd3 f6 31. exf6+ Kxf6 32. Kf2 b5 33. Ke3 a5
34. Kd4 b4 35. axb4 axb4 36. Kc4 h6 37. Kxb4 Nd1 38. Kc5 g5 39. Kd4 gxf4 40. gxf4
Nf2 41. Be4 Nh3 42. Ke3 Nxf4 43. Bd3 Ke5 1/2-1/2

[Event "Druzynowe Mistrzostwa Polski - I Liga Seniorow 2019"]
[Site "Osrodek „Grod Piastow” ul. Jachtowa 42, 78-131 Dzwirzyno"]
[Date "1899-12-30"]
[Round "3.6"]
[White "Lach, Aleksandra"]
[Black "Kulon, Klaudia"]
[Result "0-1"]
[WhiteTitle "WIM"]
[BlackTitle "IM"]
[WhiteElo "2173"]
[BlackElo "2339"]

1. d4 Nf6 2. c4 g6 3. Nc3 Bg7 4. e4 O-O 5. Be3 d6 6. h3 e5 7. d5 c6 8. g4 cxd5
9. cxd5 Bd7 10. f3 Qa5 11. Qd2 Na6 12. a3 Ne8 13. Bd3 f5 14. gxf5 gxf5 15. Bh6
b5 16. Bxg7 Nxg7 17. Rd1 Qd8 18. h4 Nc5 19. Qg5 a5 20. Qxd8 Raxd8 21. b4 axb4
22. axb4 Nxd3+ 23. Rxd3 Rc8 24. Rh2 Nh5 25. Nh3 Rc4 26. Rb2 Rfc8 27. Kd2 fxe4
28. fxe4 Rxc3 29. Rxc3 Rxc3 30. Kxc3 Bxh3 31. Kd3 Nf6 32. Ra2 Kf7 33. Ke3 Ke7
34. Ra7+ Bd7 35. Ra8 Be8 36. Ra7+ Kd8 37. Ra6 Kc7 38. Ra7+ Kb8 39. Ra6 Kc7 40.
Ra7+ Kb6 41. Re7 Bg6 42. h5 Bxh5 43. Re6 Ne8 44. Re7 Bg6 45. Re6 Kc7 46. Re7+
Kc8 47. Re6 Kd7 48. Kd3 Nc7 0-1

[Event "Druzynowe Mistrzostwa Polski - I Liga Seniorow 2019"]
[Site "Osrodek „Grod Piastow” ul. Jachtowa 42, 78-131 Dzwirzyno"]
[Date "1899-12-30"]
[Round "3.7"]
[White "Szwed, Jacek"]
[Black "Kolago, Marcin"]
[Result "1/2-1/2"]
[WhiteTitle "FM"]
[BlackTitle "m"]
[WhiteElo "2370"]
[BlackElo "2340"]

1. e4 d5 2. exd5 Qxd5 3. Nc3 Qd6 4. d4 Nf6 5. Nf3 g6 6. Ne5 Bg7 7. Bc4 O-O 8. O-O
c6 9. Re1 Nd5 10. Qf3 Be6 11. Ne4 Qd8 12. Nc5 Bc8 13. c3 h6 14. Bd2 a5 15. Rad1
Ra7 16. Ng4 Bxg4 17. Qxg4 b5 18. Bb3 Nd7 19. Nd3 e6 20. Bc2 Re8 21. Qh3 h5 22.
Re2 Qc7 23. Rde1 c5 24. dxc5 Nxc5 25. Ne5 Re7 26. Qh4 Nd7 27. Nf3 Re8 28. Bb3
N7f6 29. a4 b4 30. c4 Ne7 31. Nd4 Raa8 32. Nb5 Qc6 33. Bf4 Nf5 34. Qh3 Red8 35.
Be5 Ng4 36. Bxg7 Kxg7 37. Qf3 Qxf3 38. gxf3 Nf6 39. Bc2 Nd4 40. Nxd4 Rxd4 41.
b3 Nd7 42. Rd1 Rxd1+ 43. Bxd1 Kf6 44. Rd2 Ke7 45. f4 Ra6 46. Kf1 Rd6 47. Ke2 f6
48. Ke3 Rxd2 49. Kxd2 Nc5 50. Ke3 g5 51. fxg5 fxg5 52. Kd4 Kd6 53. Ke3 e5 54.
h3 Ke6 55. Bc2 Kf6 56. Bd1 h4 57. f3 Ke6 58. Bc2 Kd6 59. Bd1 Ne6 60. Be2 Nc5 61.
Bd1 Ke6 62. Bc2 Kd6 63. Bd1 e4 64. Kxe4 Ke5+ 1/2-1/2

[Event "Druzynowe Mistrzostwa Polski - I Liga Seniorow 2019"]
[Site "Osrodek „Grod Piastow” ul. Jachtowa 42, 78-131 Dzwirzyno"]
[Date "1899-12-30"]
[Round "3.8"]
[White "Zezulkin, Jurij"]
[Black "Zylka, Stanislaw"]
[Result "1-0"]
[WhiteTitle "GM"]
[BlackTitle "FM"]
[WhiteElo "2434"]
[BlackElo "2338"]

1. e4 c5 2. Nf3 e6 3. d4 cxd4 4. Nxd4 Nc6 5. Nc3 Qc7 6. Be3 a6 7. Qf3 Ne5 8. Qg3
h5 9. Bf4 d6 10. Bg5 b5 11. f4 Nc4 12. O-O-O Bb7 13. Bxc4 Qxc4 14. a3 Rc8 15.
Rhe1 Nf6 16. Bxf6 gxf6 17. Kb1 h4 18. Qh3 b4 19. axb4 Qxb4 20. f5 Rc4 21. Nb3
e5 22. Qd3 Rg8 23. Re2 Rg4 24. Nd5 Bxd5 25. Qxd5 Rc8 26. Rd3 Be7 27. Nd2 Qb6 28.
Nc4 Qg1+ 29. Rd1 Qc5 30. Qxc5 Rxc5 31. b3 Kd7 32. Nb6+ Ke8 33. Nd5 Bd8 34. Kb2
Kd7 35. c4 Kc8 36. Ra1 Kb7 37. Rc1 Rc8 38. b4 a5 39. b5 Ka7 40. Kb3 Kb7 41. Ra1
Rc5 42. Kc3 Rc8 43. Kd3 Rg5 44. Rea2 Ra8 45. Rf1 Rg4 46. Rf3 a4 47. Rh3 a3 48.
Ne3 Rf4 49. g3 hxg3 50. hxg3 Rf3 51. Ke2 Rxe3+ 52. Kxe3 Bb6+ 53. Kd3 Bd4 54. Kc2
Kb6 55. Rh7 Kc5 56. Kb3 Rg8 57. Rxf7 Rxg3+ 58. Ka4 Kxc4 59. Rc7+ Bc5 60. b6 Rg1
61. b7 Rb1 62. Rxa3 Rb6 63. Ka5 Rb1 64. Ka6 Kd4 65. Ra4+ Kd3 66. Ra5 Bd4 67. Rc6
Kxe4 68. Rxd6 Bf2 69. Rxf6 Kf4 70. Rb5 Ra1+ 71. Ra5 Rb1 72. Re6 e4 73. f6 1-0